Problems of chronology in Gandhāran art : proceedings of the First International Workshop of the Gandhāra Connections Project, University of Oxford, 23rd-24th March, 2017 /
'Problems of Chronology in Gandhāran Art' is the first publication of the Gandhara Connections project at the University of Oxford's Classical Art Research Centre. It presents the proceedings of the first of three international workshops on fundamental questions in the study of Gandha...
مؤلف مشترك:
مؤلفون آخرون: ,
التنسيق: وقائع المؤتمر كتاب الكتروني
اللغة: English
منشور في:
Summertown, Oxford :
Archaeopress Publishing Ltd,
2018.
الموضوعات:
الوصول للمادة أونلاين: Login to view Source
الوسوم: إضافة وسم
رقم الطلب: N7310.7
| LEADER | 02078nam a2200397 i 4500 | ||
|---|---|---|---|
| 001 | EDZ0001947651 | ||
| 003 | StDuBDS | ||
| 005 | 20230412182207.0 | ||
| 006 | m|||||o||d|||||||| | ||
| 007 | cr ||||||||||| | ||
| 008 | 180313s2018 enka fo 100|0|eng|d | ||
| 020 | |a 9781784918569 (ebook) : |c No price | ||
| 040 | |a StDuBDS |b eng |c StDuBDS |e rda |e pn | ||
| 050 | 4 | |a N7310.7 | |
| 082 | 0 | 4 | |a 709.34912 |2 23 |
| 111 | 2 | |a International Workshop of the Gandhara Connections Project |n (1st : |d 2017 : |c University of Oxford, England), |j creator. | |
| 245 | 1 | 0 | |a Problems of chronology in Gandhāran art : |b proceedings of the First International Workshop of the Gandhāra Connections Project, University of Oxford, 23rd-24th March, 2017 / |c edited by Wannaporn Rienjang and Peter Stewart. |
| 264 | 1 | |a Summertown, Oxford : |b Archaeopress Publishing Ltd, |c 2018. | |
| 300 | |a 1 online resource (iv, 166 pages) : |b illustrations (black and white, and colour) | ||
| 336 | |a text |2 rdacontent | ||
| 336 | |a still image |2 rdacontent | ||
| 337 | |a computer |2 rdamedia | ||
| 338 | |a online resource |2 rdacarrier | ||
| 500 | |a Conference proceedings. | ||
| 500 | |a Previously issued in print: 2018. | ||
| 520 | 8 | |a 'Problems of Chronology in Gandhāran Art' is the first publication of the Gandhara Connections project at the University of Oxford's Classical Art Research Centre. It presents the proceedings of the first of three international workshops on fundamental questions in the study of Gandharan art, held at Oxford in March 2017. | |
| 521 | |a Specialized. | ||
| 588 | |a Description based on online resource; title from home page (viewed on October 4, 2018). | ||
| 650 | 0 | |a Art, Gandhara |v Congresses. | |
| 700 | 1 | |a Rienjang, Wannaporn, |e editor. | |
| 700 | 1 | |a Stewart, Peter, |d 1971- |e editor. | |
| 776 | 0 | 8 | |i Print version : |z 9781784918552 |
| 856 | 4 | 0 | |3 Archaeopress |u http://library.arce.org:8087/Archaeopress/Products/9781784918552 |
| 942 | |2 lcc |c EBOOK | ||
| 952 | |0 0 |1 0 |4 0 |6 N73107 |7 1 |9 46392 |a ARCH |b ARCH |d 2023-04-12 |l 0 |o N7310.7 |r 2023-04-12 00:00:00 |w 2023-04-12 |y EBOOK | ||
| 999 | |c 52050 |d 52050 | ||
